Arabic Country Names - Statistics

General Stats
  • This quiz has been taken 45 times
  • The average score is 10 of 12
Answer Stats
Arabic Script Latin Script English Name % Correct
أندورا 'andura Andorra
100%
أنغولا 'anghula Angola
100%
أنتيغوا وباربودا 'antighuu wabarbuda Antigua and Barbuda
100%
الأرجنتين al'arjantin Argentina
100%
أرمينيا 'arminia Armenia
100%
أستراليا 'usturalia Australia
100%
أذربيجان 'adhrabayjan Azerbaijan
100%
جزر البهاما jazur albahama Bahamas
100%
البحرين albahrayn Bahrain
100%
بنغلاديش banghladish Bangladesh
100%
بربادوس birbadus Barbados
100%
بليز bliz Belize
100%
بنين binin Benin
100%
بوتان butan Bhutan
100%
بوتسوانا butiswana Botswana
100%
بروناي brunay Brunei
100%
بلغاريا bulgharia Bulgaria
100%
كمبوديا kambudya Cambodia
100%
كندا kanada Canada
100%
جمهورية أفريقيا الوسطى jumhuriat 'afriqia alwustaa Central African Republic
100%
تشاد tshad Chad
100%
شيلي shili Chile
100%
كوستاريكا kustarika Costa Rica
100%
كرواتيا kuruatia Croatia
100%
كوبا kuba Cuba
100%
الدنمارك aldanimark Denmark
100%
جيبوتي jibuti Djibouti
100%
دومينيكا duminika Dominica
100%
السلفادور alsalfadur El Salvador
100%
إستونيا 'iistunia Estonia
100%
إيسواتيني 'iiswatiniun Eswatini
100%
أثيوبيا 'athyubya Ethiopia
100%
فيجي fyji Fiji
100%
فرنسا faransa France
100%
الجابون aljabun Gabon
100%
غامبيا ghambiaa Gambia
100%
غرينادا ghrinada Grenada
100%
غواتيمالا ghuatimala Guatemala
100%
غينيا ghinia Guinea
100%
غينيا بيساو ghinia bisaw Guinea-Bissau
100%
هايتي hayti Haiti
100%
هندوراس hinduras Honduras
100%
هنغاريا hingaria Hungary
100%
أيسلندا 'ayislanda Iceland
100%
الهند alhind India
100%
إيران 'iiran Iran
100%
العراق aleiraq Iraq
100%
إسرائيل 'iisrayiyl Israel
100%
جامايكا jamayka Jamaica
100%
كينيا kinia Kenya
100%
الكويت alkuayt Kuwait
100%
قيرغيزستان qirghizstan Kyrgyzstan
100%
لاتفيا latfia Latvia
100%
ليبيريا libiria Liberia
100%
ليبيا libia Libya
100%
مدغشقر madghashqar Madagascar
100%
جزر المالديف juzur almaldif Maldives
100%
جزر مارشال jazur marshal Marshall Islands
100%
موريتانيا muritania Mauritania
100%
موريشيوس murishyus Mauritius
100%
المكسيك almaksik Mexico
100%
موناكو munaku Monaco
100%
المغرب almaghrib Morocco
100%
موزمبيق muzambiq Mozambique
100%
ناميبيا namibya Namibia
100%
ناورو nawru Nauru
100%
هولندا hulanda Netherlands
100%
نيوزيلندا niwzilanda New Zealand
100%
نيكاراغوا nykaraghwa Nicaragua
100%
نيجيريا nayjiria Nigeria
100%
مقدونيا الشمالية maqdunia alshamalia North Macedonia
100%
النرويج alnurwij Norway
100%
عمان eamaan Oman
100%
باكستان bakistan Pakistan
100%
بنما banama Panama
100%
باراجواي barajway Paraguay
100%
فيلبيني filbini Philippines
100%
بولندا bulanda Poland
100%
البرتغال alburtughal Portugal
100%
روسيا rusia Russia
100%
رواندا ruanda Rwanda
100%
سانت كيتس ونيفيس sant kits wanifis Saint Kitts and Nevis
100%
سانت لوسيا sant lusya Saint Lucia
100%
ساموا samuu Samoa
100%
صربيا sirbia Serbia
100%
سيشيل sishil Seychelles
100%
سلوفاكيا slufakia Slovakia
100%
جنوب أفريقيا janub 'afiriqia South Africa
100%
كوريا الجنوبية kuria aljanubia South Korea
100%
جنوب السودان janub alsuwdan South Sudan
100%
سريلانكا sirilanka Sri Lanka
100%
سوريا suria Syria
100%
تايوان taywan Taiwan
100%
تايلاند tayland Thailand
100%
توغو tughu Togo
100%
تونغا tungha Tonga
100%
ترينيداد وتوباغو trinidad watubaghu Trinidad and Tobago
100%
تونس tunis Tunisia
100%
تركيا turkia Turkey
100%
تركمانستان turkamanistan Turkmenistan
100%
أوغندا 'uwghanda Uganda
100%
أوكرانيا 'uwkrania Ukraine
100%
أوروغواي 'uwrughway Uruguay
100%
أوزبكستان 'uwzbakistan Uzbekistan
100%
فانواتو fanwatu Vanuatu
100%
فيتنام fiatnam Vietnam
100%
زيمبابوي zimbabwi Zimbabwe
100%
سورينام surinam Suriname
80%
الجزائر aljazayir Algeria
75%
جورجيا jurjia Georgia
75%
اليابان alyaban Japan
75%
ميانمار mianmar Myanmar
75%
سنغافورة singhafura Singapore
75%
جمهورية الدومينيكان jumhuriat alduwminikan Dominican Republic
67%
سان مارينو san marynw San Marino
67%
السنغال alsinighal Senegal
67%
إسبانيا 'iisbania Spain
67%
السودان alsuwdan Sudan
67%
توفالو twfalu Tuvalu
67%
فنزويلا finzwilaa Venezuela
67%
اليمن alyaman Yemen
67%
كوريا الشمالية kuria alshamalia North Korea
60%
ساو تومي وبرينسيبي saw tumi wabrinsibi São Tomé and Príncipe
60%
النمسا alnamsa Austria
50%
بيلاروسيا bylarwsya Belarus
50%
جزر القمر jazur alqamar Comoros
50%
جمهورية الكونغو الديمقراطية jumhuriat alkunghu aldiymuqratia Democratic Republic of the Congo
50%
مصر misr Egypt
50%
فنلندا finlanda Finland
50%
ألمانيا 'almanya Germany
50%
غيانا ghianan Guyana
50%
أيرلندا 'ayirlanda Ireland
50%
لاوس lawis Laos
50%
لوكسمبورغ luksimburgh Luxembourg
50%
ماليزيا malizia Malaysia
50%
ميكرونيزيا mikrunizia Micronesia
50%
مولدوفا muldufa Moldova
50%
نيبال nybal Nepal
50%
بيرو biru Peru
50%
المملكة العربية السعودية almamlakat alearabiat alsueudia Saudi Arabia
50%
سيراليون siralyun Sierra Leone
50%
المملكة المتحدة almamlakat almutahida United Kingdom
50%
الولايات المتحدة alwilayat almutahida United States
50%
بوليفيا bulifia Bolivia
33%
اليونان alyunan Greece
33%
الجبل الأسود aljabal al'aswad Montenegro
33%
جزر سليمان juzur sulayman Solomon Islands
33%
سويسرا suisra Switzerland
33%
البوسنة والهرسك albusnat walharsik Bosnia and Herzegovina
25%
الرأس الأخضر alraas al'akhdar Cape Verde
25%
أندونيسيا 'andunysya Indonesia
25%
الصومال alsuwmal Somalia
25%
ألبانيا 'albanya Albania
0%
بلجيكا bilijka Belgium
0%
البرازيل albarazil Brazil
0%
الكاميرون alkamirun Cameroon
0%
الصين alsiyn China
0%
كولومبيا kulumbia Colombia
0%
الجمهورية التشيكية aljumhuriat altishikia Czech Republic
0%
تيمور الشرقية taymur alsharqia East Timor
0%
الاكوادور alakwadwr Ecuador
0%
غينيا الاستوائية ghinya aliastiwayiya Equatorial Guinea
0%
إيطاليا 'iitalia Italy
0%
ساحل العاج sahil aleaj Ivory Coast
0%
لبنان lubnan Lebanon
0%
ليسوتو lisutu Lesotho
0%
ليتوانيا litwania Lithuania
0%
منغوليا manghulia Mongolia
0%
بالاو balaw Palau
0%
بابوا غينيا الجديدة babwa ghinia aljadida Papua New Guinea
0%
جمهورية الكونغو jumhuriat alkunghu Republic of the Congo
0%
رومانيا rumania Romania
0%
سانت فنسنت وجزر غرينادين sant finsant wajuzur ghrinadin Saint Vincent and the Grenadines
0%
سلوفينيا slufinia Slovenia
0%
السويد aluswayd Sweden
0%
الإمارات العربية المتحدة al'iimarat alearabiat almutahida United Arab Emirates
0%
مدينة الفاتيكان madinat alfatikan Vatican City
0%
No matching quizzes found
Score Distribution
Percent of People with Each Score
Percentile by Number Answered
Your Score History
You have not taken this quiz